| 000 | 01077cab a2200253 4500 | ||
|---|---|---|---|
| 001 | X2831 | ||
| 008 | 090401t1995 xxu||||| |||| 00| 0 eng d | ||
| 035 | _a(Sirsi) u26678 | ||
| 041 | _aeng | ||
| 245 | _aDispute resolution skills panel | ||
| 260 | _c1995 | ||
| 350 | _a0 | ||
| 490 |
_aCSM (Chartered Surveyor Monthly) _v5(1) September 1995, 23(1) |
||
| 520 | _aAnnounces setting up of a dispute resolution service which will include mediation, conciliation and adjudicaition. Others areas of interest to the dispute resolution panel are summarised. | ||
| 650 | _aMANAGEMENT-DISPUTE AVOIDANCE, MANAGEMENT AND RESOLUTION-DISPUTE MANAGEMENT AND RESOLUTION-ALTERNATIVE DISPUTE RESOLUTION-ADJUDICATION | ||
| 650 | _aALTERNATIVE DISPUTE RESOLUTION | ||
| 650 | _aMANAGEMENT-DISPUTE AVOIDANCE, MANAGEMENT AND RESOLUTION-DISPUTE MANAGEMENT AND RESOLUTION-ARBITRATION | ||
| 650 | _aCONCILIATION | ||
| 650 | _aDISPUTE RESOLUTION SKILLS PANEL | ||
| 650 | _aMEDIATION | ||
| 690 | _aMANAGEMENT-BUSINESS MANAGEMENT-PROFESSIONAL PRACTICE | ||
| 942 | _n0 | ||
| 948 | _c04/03/1997 | ||
| 999 |
_c17950 _d17950 |
||